000 00652nam a2200217 i 4500
003 DO-SdBNP
005 20230605155323.0
006 a||||er|||| 00| 0
007 ta
008 230605e2022 pr |||| |||| 00| jdspa d
020 _a99789945608960
040 _aDO-SdBNP
_bspa
_cBNPHU
_erda
082 4 _222
_bS162c
245 1 0 _aCamino de imperf(i)cción. /
_cLuis Saldaña
264 _aSan Juan Puerto Rico :
_bIsla Negra,
_c©2022
300 _a95 páginas ;
_c21 cm.
490 _aEl Rostro y la Máscara
500 _aIncluye datos biográficos del autor en las solapas de las cubiertas
590 _aInventariado 2023 / MF
942 _2ddc
_cLBS1
999 _c53724
_d53724